000 00287nam a22001337a 4500
008 170919b xxu||||| |||| 00| 0 eng d
020 _a0817438459
041 _aeng
080 _a7
100 _a44
101 _aART
245 _aEXPERIMENTAL PHOTOGRAPHY
_cWARREN,J
942 _2udc
_cBK
999 _c28166
_d28166